000 01139cab a2200373 4500
001 ABS45840
008 090401t1992 xxu||||| |||| 00| 0 eng d
035 _a(Sirsi) u55369
041 _aeng
100 _aBrowne, K.
245 _aFibres in the lungs
260 _c1992
350 _a0
490 _aArchitects` Journal
_v195(7) 19 February 1992, 45-48(4)
520 _aAssesses the risks of fibres in building materials which are increasingly being questioned for their health implications and suggests alternative materials. References.
650 _aALTERNATIVES
650 _aMANAGEMENT-HEALTH AND SAFETY-HAZARDOUS SUBSTANCES-ASBESTOS
650 _aCELLULOSE
650 _aDUST
650 _aHEALTH AND SAFETY
_96244
650 _aHEALTH HAZARDS
650 _aMAN-MADE MINERAL FIBRES
650 _aMINERAL FIBRES
650 _aPOLYACRYLONITRILE
650 _aPOLYETHYLENE
650 _aPOLYOLEFINES
650 _aPOLYPROPYLENE
650 _aPOLYVINYL ALCOHOL
650 _aSILICOSIS
650 _aSUBSTITUTES
690 _aBUILT ENVIRONMENT-BUILDING STANDARDS
942 _n0
948 _c04/03/1997
999 _c33819
_d33819